Účinnosť devízových intervencií pri vykonávaní menovej politiky bakalárska práca

Enregistré dans:
Détails bibliographiques
Auteur principal: Valent, Maroš
Collectivité auteur: Národohospodárska fakulta EU. Katedra bankovníctva a medzinárodných financií
Autres auteurs: Vojtková, Mária
Format: Livre
Langue:slovaque
Publié: Bratislava 2013
Tags: Ajouter un tag
Pas de tags, Soyez le premier à ajouter un tag!

MARC

LEADER 00000nbm a2200000 4500
001 0172488
005 20161109112056.0
041 0 |a slo 
044 |a SK 
245 1 0 |a Účinnosť devízových intervencií pri vykonávaní menovej politiky  |b bakalárska práca  |c Maroš Valent ; školiteľ: Mária Vojtková 
264 1 |a Bratislava  |c 2013 
300 |a 49 s. 
100 1 |a Valent, Maroš 
700 1 |a Vojtková, Mária 
710 2 |a Národohospodárska fakulta EU. Katedra bankovníctva a medzinárodných financií